00230nam a2200097 i 4500001000300000245005300003260001900056040000800075041000800083008004100091bg 0aWho's who in science in Europe.nVol. [1],pA-G. aLondon,c1984. cBPK apol s pl f |000 0 pol